000 00328 a2200157 4500
001 74158
020 _a850804038-5
040 _cAnchieta - Colégio São Paulo
100 _aPortela, Fernando
240 1 0 _aO pantanal
_lpor
245 1 0 _aO pantanal
300 _a48
362 0 _a1995
650 4 _aMato Grosso
942 _cBK
999 _c74158
_d74158